Веселата наука ("La gaya scienza") (Запис номер 817)
[ съкратено ]
| 000 -Лидер | |
|---|---|
| Контролно поле с фиксирана дължина | 01620nam a2200337 c 4500 |
| 003 - Код на организацията, давaща контролен номер | |
| Контролно поле | BLK |
| 005 - Дата и час на последна редакция | |
| Контролно поле | 20250712095949.0 |
| 008 - Елементи от данни с фиксирана дължина | |
| fixed length control field | 180412b bul|||||r ||||||| ||bul|| |
| 010 ## - Наследен системен номер | |
| LC control number | KNG00001431000 |
| 020 ## - Международен стандартен номер на книга ISBN | |
| Международен стандартен номер на книга ISBN | 954-07-0334-4 |
| -- | издат.: Унив. изд. Св. Климент Охридски |
| 040 ## - Източник на каталожния запис | |
| Идентификатор на билиотеката - собственик на записа | BLK |
| 041 ## - Код за език | |
| Код за езика на текст/звукозапис или на отделно заглавие | Български |
| Код за езика КДБФ | Български |
| 080 ## - УДК | |
| Текстов определител УДК | Немска литература |
| УДК код - определител по УДК | 821.112.2 |
| УДК определител | -96 |
| УДК - код + определител | 821.112.2-96 |
| 100 1# - Редна дума - Автор | |
| Автор | Ницше, Фридрих Вилхелм |
| Авторска отговорност | първи автор |
| R(LIN) | 243076 |
| 139 ## - Редно поле | |
| Редна дума | Ницше, Фридрих Вилхелм |
| Авторски знак | Ниц - Н 83 |
| 245 10 - Сведения за заглавието | |
| Заглавие | Веселата наука ("La gaya scienza") |
| Редно поле (дума) | Фридрих Вилхелм Ницше; прев. от нем. Харитина Константинова Костова-Добрева. |
| 257 ## - Страна на издаване | |
| Страна на създаване/издаване | Германия |
| 260 ## - Област на издателските данни | |
| -- | София |
| Име на издателя, разпространителя и проч. | Унив. изд. Св. Климент Охридски |
| Година на издаване | 1994 |
| 300 ## - Физическа характеристика | |
| Страници | 264 с. |
| Илюстрации и др. | с портр. |
| Размери/Мащаб | 21 см |
| 380 ## - Жанр | |
| Жанр | Худож. лит. |
| 490 1# - СЕРИИ (Колекции) | |
| Име на серия | Библиотека Класическо наследство |
| №: серия | № 16 |
| 500 ## - Общи забележки | |
| Забележка | Ориг. загл. La gaya scienza / Fridrich Nietsche. - Именен показалец / Х. Костова-Добрева. - 5 000 тир. |
| 653 ## - Ключова дума – ненормативна | |
| Ключова дума | философска литература |
| 700 1# - Други автори (авторска отговорност) | |
| Лично име | Костова-Добрева, Харитина Константинова |
| Автороска отговорност (Описва отношението между автора и произведението) | прев. от нем. |
| 9 (RLIN) | 243077 |
| 852 ## - Местоположение | |
| Форматна сигнатура | Цб 177255 |
| 856 4# - Електронен адрес и достъп | |
| Електронен формат | pdf - файл |
| Път до файла /url/ | |
| 856 4# - Електронен адрес и достъп | |
| Електронен формат | pdf - файл |
| Път до файла /url/ | |
| 942 ## - АРТИКУЛИ | |
| Вид на библиотечния материал | Книги |
| Скрит в OPAC | Не |
| Koha issues (borrowed), all copies | 10 |
| 944 ## - СЪЗДАВАНЕ И РЕДАКЦИЯ на ЗАПИСА | |
| Създаване/Редакция | Създаване |
| Дата на регистрацията/редакция | 15.01.2003 |
| Статус, дата на статуса | Геновева Генчева |
| Служител, извършил регистрацията/редакцията | 30560 |
| 944 ## - СЪЗДАВАНЕ И РЕДАКЦИЯ на ЗАПИСА | |
| Създаване/Редакция | Редакция |
| Дата на регистрацията/редакция | 16.12.2016 |
| Статус, дата на статуса | ф / |
| Служител, извършил регистрацията/редакцията | Людмила_Стоянова |
| 999 ## - СИСТЕМНИ КОНТРОЛНИ НОМЕРА | |
| Koha biblionumber | 817 |
| Koha biblioitemnumber | 817 |
| Код за отписване | Код за изгубен артикул | Източник на класификационната схема | Код за повреда | Коз за рестрикции | Код за отдаване | Артикулен № | Име на библиотеката - собственик | Име на библиотеката, в която се намира в момента | Статус (Текущо местоположение) | Дата на вписване в системата | Местоположение - отдел | Цена в лева | Инвентарен номер | Систематично азбучна сигнатура | Баркод | Номер на екземпляра | Цена в евро | Служебна бележка | Служебен тип на артикула |
|---|---|---|---|---|---|---|---|---|---|---|---|---|---|---|---|---|---|---|---|
| Не е изгубен | Universal Decimal Classification | Не е повреден | само за читалня | ползва се в читалня | 1692 | Регионална библиотека "Любен Каравелов" Русе | Регионална библиотека "Любен Каравелов" Русе | Хранилище | 1994-01-01 | Хранилище | 2.82 | 601395 | Цб 177255 | 120000601395 | 1 | 1.44 | Дост: Dp Вид: Д N: стар фонд Дата: 01.01.1994 | Книги | |
| Изтеглен | Не е изгубен | Universal Decimal Classification | Не е повреден | без рестрикции | заемане за дома | 1693 | Регионална библиотека "Любен Каравелов" Русе | Регионална библиотека "Любен Каравелов" Русе | Заемна - подръчен фонд | 1994-01-01 | Заемна - подръчен фонд | 2.82 | 602575 | П 830-9/Н 83 | 602575 | 2 | 1.44 | Дост: Pk Вид: Ф N: стар фонд Дата: 01.01.1994 | Книги |
| Изтеглен | Не е изгубен | Universal Decimal Classification | Не е повреден | без рестрикции | заемане за дома | 1694 | Регионална библиотека "Любен Каравелов" Русе | Регионална библиотека "Любен Каравелов" Русе | Заемна - подръчен фонд | 1994-01-01 | Заемна - подръчен фонд | 2.82 | 602576 | П 830-9/Н 83 | 602576 | 3 | 1.44 | Дост: Pk Вид: Ф N: стар фонд Дата: 01.01.1994 | Книги |
| Изтеглен | Не е изгубен | Universal Decimal Classification | Не е повреден | без рестрикции | заемане за дома | 1695 | Регионална библиотека "Любен Каравелов" Русе | Регионална библиотека "Любен Каравелов" Русе | Заемна - подръчен фонд | 1994-01-01 | Заемна - подръчен фонд | 2.82 | 602577 | П 830-9/Н 83 | 602577 | 4 | 1.44 | Дост: Pk Вид: Ф N: стар фонд Дата: 01.01.1994 | Книги |
| Не е изгубен | Не е повреден | без рестрикции | заемане за дома | 1696 | Регионална библиотека "Любен Каравелов" Русе | Регионална библиотека "Любен Каравелов" Русе | Заемна - подръчен фонд | 2016-07-11 | Заемна - подръчен фонд | 16.00 | 120000802117 | П 830-9/Н 83 | 120000802117 | 5 | 8.18 | Дост: DA Вид: А N: 27 Дата: 11.07.2016 Дата инв: 12.02.2018 Бележки инв: П2018 | Книги |